000
00356cam a2200157ua 4500
041
_a
eng
_h
082
_a
823.301
_b
KNI/RU
100
_a
Kinght, Isobel .
245
_a
Runaways /
_c
Knight Isobel.
_h
Textual Documents
260
_a
:
_b
Longman ,
_c
1961.
300
_a
64 ; .
504
_a
942
_c
BK
999
_c
3371
_d
3371